| 000 | 00896nam a2200229Ii 4500 | ||
|---|---|---|---|
| 003 | JO-AjNU | ||
| 008 | 230605s9999||||xx |||||||||||||| ||und|| | ||
| 017 | _a2016/1/346 | ||
| 020 | _a978-9957-76-468-5 | ||
| 040 |
_aJO-AjNU _bara _erda _cJO-AjNU |
||
| 041 | _aara | ||
| 050 | 1 | 4 | _aHT147.5.2017 |
| 100 | 3 |
_aبن غضبان، فؤاد، م مشارك فاطمة الزهراء البركاني, _eauthor _964315 |
|
| 245 | 0 | 0 | _aالاستدامة الحضرية والتخطيط الاستراتيجي: من اجل مشروع حضري مستدام |
| 250 | _aط1 | ||
| 264 | 3 | 1 | _aعمان: دار الرضوان للنشر والتوزيع، 2017 |
| 300 |
_a224ص _bيحتوي على اشكال وصور توضيحية |
||
| 336 |
_atext _btxt _2rdacontent |
||
| 337 |
_aunmediated _bn _2rdamedia |
||
| 338 |
_avolume _bnc _2rdacarrier |
||
| 650 | 4 |
_aالاستدامة الحضرية _964316 |
|
| 999 |
_aA29221 _c32789 _d32789 |
||